000 03171nam a22002297a 4500
003 MN-UlNLM
005 20241015102915.0
008 240918s2024 mp ||||| |||| 00| 0 mon d
020 _a9789919023003
040 _bmon
084 _2NNA
_a85.319
_bМ 141
_q85
100 1 _aМайнбаяр Б.,
_dЛина Ө.
245 0 _aАялгуут сайхан ятга хөгжмөөр ардын дуугаа тоглож сурцгаая
260 1 _aУБ
_bХөх ай Баттүвшин
_c2024
300 _a108х
_eЗур
505 _tЯтгын бүтэц --
_tСуудал, байрлал --
_tБаруун зүүн гарын барил --
_tНотны задаргаа --
_tНотны анхан шатны мэдэгдэхүүн --
_tЯтга хөгжмийн үндсэн хөг --
_tХэмнэлийн дасгал --
_tМаамуу нааш ир --
_tЧичиргээ (зүүн гарын) --
_tЗун цаг --
_tАлгирмаа --
_tЖалам хар --
_tНайгал гол --
_tЖийжүү хот --
_tДо мажорын гамм --
_tAlphabet song --
_tЯтга хөгжмийн Фа мажор болон соль мажорын хөг, хөглөгөө --
_tЗуны нар (1,2-р хоолой) --
_tАрван хоёр жил (1,2-р хоолой) --
_tХайлуур мөрөн (1,2-р хоолой) --
_tСудгийн ногоо (1,2-р хоолой) --
_tЮндэн гөөгөө (1,2-р хоолой) --
_tРанжидмаа (1,2-р хоолой) --
_tГарын арван хуруу (1,2-р хоолой) --
_tГандан уулын цэцэг (1,2-р хоолой) --
_tХар морь (1,2-р хоолой) --
_tДангийн даавуу майхан (1,2-р хоолой) --
_tГунан хар (1,2-р хоолой) --
_tТохой зандан мод (1,2-р хоолой) --
_tГаадаа мэйрэн (1,2-р хоолой) --
_tНутгаа санасан (1,2-р хоолой) --
_tБүүвэйн дуу (1,2-р хоолой) --
_tХун галуу (1,2-р хоолой) --
_tТэмээ (1,2-р хоолой) --
_tБотгоны дуу (1,2-р хоолой) --
_tТоргууд нутаг (1,2-р хоолой) --
_tМонгол гэрийн магтаал (1,2-р хоолой) --
_tМонгол гэрийн сургууль (1,2-р хоолой) --
_tОхидын сургууль (1,2-р хоолой) --
_tСургуульд орох дуу (1,2-р хоолой) --
_tСургуульд явъя (1,2-р хоолой) --
_tӨлгийн дуу (1,2-р хоолой) --
_tБүжинхэй (1,2-р хоолой) --
_tАрван хоёр жилийн магтаал (1,2-р хоолой) --
_tЭэжийнхээ ачийг яаж мартах билээ (1,2-р хоолой) --
_tТоонот нутаг (1,2-р хоолой) --
_tМиний нутаг (1,2-р хоолой) --
_tСайхан (1,2-р хоолой) --
_tЦас цас ороорой (1,2-р хоолой) --
_tСайн шинэлэв үү (1,2-р хоолой) --
_tЖороо саарал (1,2-р хоолой) --
_tАндай (1,2-р хоолой) --
546 _amon
650 _aУрлаг
650 _aХөгжмийн зохиол
650 _aЯтга хөгжим сурах
942 _cBK
999 _c1145183
_d1145240